| 000 | 00000nam##2200000za#4500 |
| 001 | 9.580739 |
| 003 | CaOODSP |
| 005 | 20210624191201 |
| 007 | cr ||||||||||| |
| 008 | 150406|1999||||xxc|||||o f|0| 0 eng|d |
| 040 | |aCaOODSP|beng |
| 043 | |an-cn--- |
| 086 | 1 |aNH18-22/99-100E-PDF |
| 110 | 2 |aCanada Mortgage and Housing Corporation. |
| 245 | 14|aThe effect of improving the home environment on asthma : |h[electronic resource]|ba pilot study |
| 260 | |aOttawa - Ontario : |bCanada Mortgage and Housing Corporation |c[1999]. |
| 300 | |a3p. |
| 490 | 1 |aResearch and development highlights; technical series|v99-100 |
| 500 | |aFile reproduced from original print. |
| 590 | |a14-16-Supp|b2014-09-25 |
| 775 | 08|tEffet sur l'asthme d'une amélioration du milieu intérieur résidentiel : |w(CaOODSP)9.607684 |
| 830 | #0|aResearch and development highlights; technical series ;|v99-100|w(CaOODSP)9.504481 |
| 856 | 40|ahttp://publications.gc.ca|qPDF|s135 KB|uhttps://publications.gc.ca/collections/collection_2014/schl-cmhc/NH18-22-99-100-eng.pdf|y99-100 |